000 00731nam a2200193Ii 4500
003 JO-AjNU
008 230605s9999||||xx |||||||||||||| ||und||
040 _aJO-AjNU
_bara
_erda
_cJO-AjNU
041 _aara
050 1 4 _aBP153.S52.1990
100 3 _aتأليف: الشافعي، ابي عبدالله محمد بن ادريس,
_eauthor
_959024
245 0 0 _aالام، مج 5ج 8 مع مختصر المزني
264 3 1 _aبيروت: دار الفكر للنشر والتوزيع، 1990
300 _aمج5 ج8: 696ص
_bيحتوي على فهرس من ص 680-696
336 _atext
_btxt
_2rdacontent
337 _aunmediated
_bn
_2rdamedia
338 _avolume
_bnc
_2rdacarrier
650 4 _aالفقه الشافعي
_959025
999 _aA26540
_c30108
_d30108